|
|
|
|
| LEADER |
01068nam a22003018a 4500 |
| 001 |
00042926 |
| 005 |
20181029091048.0 |
| 008 |
181029s2017####-vm#################vie|d |
| 020 |
# |
# |
|a 9786049575471
|c 239000
|
| 041 |
0 |
# |
|a vie
|
| 082 |
1 |
4 |
|a 931
|b T550TR
|
| 245 |
1 |
0 |
|a Tư trị thông giám
|c Tư Mã Quang (ch.b); Phạm Tổ Vũ, Lưu Thứ,... [và những người khác]
|n Tập 1
|
| 260 |
# |
# |
|a Hà Nội
|b Văn học
|c 2017
|
| 300 |
# |
# |
|a 564 tr.
|c 24 cm.
|
| 653 |
# |
# |
|a Lịch sử cổ đại
|
| 653 |
# |
# |
|a Ghi chép
|
| 653 |
# |
# |
|a Sự kiện
|
| 653 |
# |
# |
|a Trung Quốc
|
| 700 |
1 |
# |
|a Bùi, Thông
|e Dịch giả
|
| 700 |
1 |
# |
|a Lưu, Ban
|e Đồng soạn
|
| 700 |
1 |
# |
|a Lưu, Thứ
|e Đồng soạn
|
| 700 |
1 |
# |
|a Nguyễn, Đức Vịnh
|e Hiệu đính
|
| 700 |
1 |
# |
|a Phạm, Tổ Vũ
|e Đồng soạn
|
| 700 |
1 |
# |
|a Tư, Mã Quang
|e Chủ biên
|
| 852 |
# |
# |
|j KM.0024252
|j KD.0024387
|
| 910 |
# |
# |
|d 29/10/2018
|
| 980 |
# |
# |
|a Trung tâm Học liệu Lê Vũ Hùng, Trường Đại học Đồng Tháp
|